Statistics for Daily Country Riddle #125

Click here to take the quiz!

General Stats

  • This quiz has been taken 72 times
  • The average score is 10 of 13

Answer Stats

TypeAnswer% Correct
Found LetterR
93%
Found LetterE
92%
Found LetterU
80%
Found LetterT
75%
Correctly Placed LetterU
75%
Correctly Placed LetterR
72%
Correctly Placed LetterT
72%
Mystery CountryTurkey
70%
Found LetterY
70%
Correctly Placed LetterE
68%
Found LetterK
67%
Correctly Placed LetterY
67%
Correctly Placed LetterK
65%

Score Distribution

Percentile by Number Answered

Percent of People with Each Score

Your Score History

You have not taken this quiz